<?xml version="1.0" encoding="UTF-8"?>
<record
    xmlns:xsi="http://www.w3.org/2001/XMLSchema-instance"
    xsi:schemaLocation="http://www.loc.gov/MARC21/slim http://www.loc.gov/standards/marcxml/schema/MARC21slim.xsd"
    xmlns="http://www.loc.gov/MARC21/slim">

  <leader>00513nam a22001577a 4500</leader>
  <datafield tag="999" ind1=" " ind2=" ">
    <subfield code="c">16911</subfield>
    <subfield code="d">16911</subfield>
  </datafield>
  <controlfield tag="008">180705b        xxu||||| |||| 00| 0 eng d</controlfield>
  <datafield tag="020" ind1=" " ind2=" ">
    <subfield code="a">1600815447</subfield>
  </datafield>
  <datafield tag="040" ind1=" " ind2=" ">
    <subfield code="a">KABU</subfield>
    <subfield code="c">KABU</subfield>
  </datafield>
  <datafield tag="050" ind1=" " ind2=" ">
    <subfield code="a">PE1628</subfield>
    <subfield code="b">.N49 2013 c. 1</subfield>
  </datafield>
  <datafield tag="245" ind1=" " ind2=" ">
    <subfield code="a">The new international Webster's comprehensive dictionary of the english language</subfield>
  </datafield>
  <datafield tag="250" ind1=" " ind2=" ">
    <subfield code="a">Encyclopedic ed.</subfield>
  </datafield>
  <datafield tag="260" ind1=" " ind2=" ">
    <subfield code="a">USA</subfield>
    <subfield code="b">Standard International Media Holdings</subfield>
  </datafield>
  <datafield tag="300" ind1=" " ind2=" ">
    <subfield code="a">xxii, 1674 p.</subfield>
  </datafield>
  <datafield tag="650" ind1=" " ind2=" ">
    <subfield code="a">English language</subfield>
    <subfield code="v">Dictionaries</subfield>
  </datafield>
  <datafield tag="942" ind1=" " ind2=" ">
    <subfield code="2">lcc</subfield>
    <subfield code="c">REF</subfield>
    <subfield code="h">PE1628</subfield>
    <subfield code="k">REF</subfield>
  </datafield>
  <datafield tag="952" ind1=" " ind2=" ">
    <subfield code="0">0</subfield>
    <subfield code="1">0</subfield>
    <subfield code="2">lcc</subfield>
    <subfield code="7">0</subfield>
    <subfield code="a">KABU</subfield>
    <subfield code="b">KABU</subfield>
    <subfield code="c">GEN</subfield>
    <subfield code="d">2018-07-05</subfield>
    <subfield code="g">6000.00</subfield>
    <subfield code="l">0</subfield>
    <subfield code="o">PE1628 .N49 2013 c. 1</subfield>
    <subfield code="p">025412</subfield>
    <subfield code="r">2018-07-05 00:00:00</subfield>
    <subfield code="t">c. 1</subfield>
    <subfield code="w">2018-07-05</subfield>
    <subfield code="y">REF</subfield>
  </datafield>
  <datafield tag="952" ind1=" " ind2=" ">
    <subfield code="0">0</subfield>
    <subfield code="1">0</subfield>
    <subfield code="2">lcc</subfield>
    <subfield code="7">0</subfield>
    <subfield code="a">KABU</subfield>
    <subfield code="b">KABU</subfield>
    <subfield code="c">GEN</subfield>
    <subfield code="d">2018-07-05</subfield>
    <subfield code="g">6000.00</subfield>
    <subfield code="l">0</subfield>
    <subfield code="o">PE1628 .N49 2013 c. 2</subfield>
    <subfield code="p">025413</subfield>
    <subfield code="r">2018-07-05 00:00:00</subfield>
    <subfield code="t">c. 2</subfield>
    <subfield code="w">2018-07-05</subfield>
    <subfield code="y">REF</subfield>
  </datafield>
  <datafield tag="952" ind1=" " ind2=" ">
    <subfield code="0">0</subfield>
    <subfield code="1">0</subfield>
    <subfield code="2">lcc</subfield>
    <subfield code="7">0</subfield>
    <subfield code="a">KABU</subfield>
    <subfield code="b">KABU</subfield>
    <subfield code="c">GEN</subfield>
    <subfield code="d">2018-07-05</subfield>
    <subfield code="g">6000.00</subfield>
    <subfield code="l">0</subfield>
    <subfield code="o">PE1628 .N49 2013 c. 3</subfield>
    <subfield code="p">025414</subfield>
    <subfield code="r">2018-07-05 00:00:00</subfield>
    <subfield code="t">c. 3</subfield>
    <subfield code="w">2018-07-05</subfield>
    <subfield code="y">REF</subfield>
  </datafield>
  <datafield tag="952" ind1=" " ind2=" ">
    <subfield code="0">0</subfield>
    <subfield code="1">0</subfield>
    <subfield code="2">lcc</subfield>
    <subfield code="7">0</subfield>
    <subfield code="a">KNTC</subfield>
    <subfield code="b">KNTC</subfield>
    <subfield code="c">GEN</subfield>
    <subfield code="d">2018-07-05</subfield>
    <subfield code="g">6000.00</subfield>
    <subfield code="l">0</subfield>
    <subfield code="o">PE1628 .N49 2013 c. 1</subfield>
    <subfield code="p">025415</subfield>
    <subfield code="r">2018-07-05 00:00:00</subfield>
    <subfield code="t">c. 1</subfield>
    <subfield code="w">2018-07-05</subfield>
    <subfield code="y">REF</subfield>
  </datafield>
  <datafield tag="952" ind1=" " ind2=" ">
    <subfield code="0">0</subfield>
    <subfield code="1">0</subfield>
    <subfield code="2">lcc</subfield>
    <subfield code="7">0</subfield>
    <subfield code="a">KNTC</subfield>
    <subfield code="b">KNTC</subfield>
    <subfield code="c">GEN</subfield>
    <subfield code="d">2018-07-05</subfield>
    <subfield code="g">6000.00</subfield>
    <subfield code="l">0</subfield>
    <subfield code="o">PE1628 .N49 2013 c. 2</subfield>
    <subfield code="p">025416</subfield>
    <subfield code="r">2018-07-05 00:00:00</subfield>
    <subfield code="t">c. 2</subfield>
    <subfield code="w">2018-07-05</subfield>
    <subfield code="y">REF</subfield>
  </datafield>
</record>
